Fuzzy logic foundations and industrial applications / (Record no. 70388)

000 -LEADER
fixed length control field 01031pam a2200289 a 4500
001 - CONTROL NUMBER
control field 1635632
003 - CONTROL NUMBER IDENTIFIER
control field NUST - PNEC
005 - DATE AND TIME OF LATEST TRANSACTION
control field 20170116181139.0
008 - FIXED-LENGTH DATA ELEMENTS--GENERAL INFORMATION
fixed length control field 960627s1996 maua b 001 0 eng
010 ## - LIBRARY OF CONGRESS CONTROL NUMBER
LC control number 96031534
020 ## - INTERNATIONAL STANDARD BOOK NUMBER
International Standard Book Number 0792397746 (acidfree paper)
040 ## - CATALOGING SOURCE
Original cataloging agency DLC
Transcribing agency LIBRARY
Modifying agency DLC
050 00 - LIBRARY OF CONGRESS CALL NUMBER
Classification number TJ217.5
Item number .F93 1996
082 00 - DEWEY DECIMAL CLASSIFICATION NUMBER
Classification number 511.3 RUA
100 ## - MAIN ENTRY--PERSONAL NAME
9 (RLIN) 14515
Personal name Ruan, Da
245 00 - TITLE STATEMENT
Title Fuzzy logic foundations and industrial applications /
Statement of responsibility, etc. edited by Da Ruan.
260 ## - PUBLICATION, DISTRIBUTION, ETC.
Place of publication, distribution, etc. Boston :
Name of publisher, distributor, etc. Kluwer Academic Publishers,
Date of publication, distribution, etc. c1996.
300 ## - PHYSICAL DESCRIPTION
Extent xix, 330 p. :
Other physical details ill. ;
Dimensions 24 cm.
440 #0 - SERIES STATEMENT/ADDED ENTRY--TITLE
Title International series in intelligent technologies ;
Volume/sequential designation 8
504 ## - BIBLIOGRAPHY, ETC. NOTE
Bibliography, etc. note Includes bibliographical references and index.
650 #0 - SUBJECT ADDED ENTRY--TOPICAL TERM
Topical term or geographic name entry element Intelligent control systems.
General subdivision ME
650 #0 - SUBJECT ADDED ENTRY--TOPICAL TERM
Topical term or geographic name entry element Fuzzy logic.
700 1# - ADDED ENTRY--PERSONAL NAME
Personal name Ruan, Da.
906 ## - LOCAL DATA ELEMENT F, LDF (RLIN)
a 7
b cbc
c orignew
d 1
e ocip
f 19
g y-gencatlg
942 ## - ADDED ENTRY ELEMENTS (KOHA)
Source of classification or shelving scheme
Koha item type Book
Holdings
Withdrawn status Lost status Source of classification or shelving scheme Damaged status Not for loan Permanent Location Current Location Shelving location Date acquired Total Checkouts Full call number Barcode Date last seen Price effective from Koha item type
          Pakistan Navy Engineering College (PNEC) Pakistan Navy Engineering College (PNEC) Reference     511.3 RUA PNECLIB-022097 10/07/2015   Book
© 2023 Central Library, National University of Sciences and Technology. All Rights Reserved.